| 000 | 00855nam a2200241 a 4500 | ||
|---|---|---|---|
| 999 |
_c3093 _d3093 |
||
| 001 | 3093 | ||
| 003 | BD-JhCC | ||
| 005 | 20180404174804.0 | ||
| 008 | 171109s1999 bg |||| ||a| 000 0 ben d | ||
| 020 | _a9845552080 | ||
| 035 | _a(BD-JhCC)3093 | ||
| 040 |
_aBD-JhCC _dBD-JhCC |
||
| 041 | _aben | ||
| 082 |
_a070 _bNAZ 1999 |
||
| 100 | _aনজরুল ইন্সটিটিউট পত্রিকা | ||
| 245 |
_aনজরুল ইন্সটিটিউট পত্রিকা : _bনজরুল জন্মশতবর্ষ সংখ্যা / _cমুহাম্মদ নূরুল হুদা (সম্পা) |
||
| 260 |
_aঢাকা : _bনজরুল ইন্সটিটিউট, _c1999 |
||
| 300 |
_a512 p. : _c24 cm. |
||
| 650 | _aBengali Literature | ||
| 650 | _aNewspaper | ||
| 942 |
_2ddc _cBK |
||